Schlager der 70er - Statistiken

Allgemein
  • Dieses Quiz wurde 527 mal gespielt
  • Das Durchschnittsergebnis liegt bei 17 aus 30
Antwortstatistiken
Song Interpret % Korrekt
Aber bitte mit Sahne Udo Jürgens
94%
Ein Bett im Kornfeld Jürgen Drews
88%
Fiesta Mexicana Rex Gildo
79%
Schön ist es auf der Welt zu sein Roy Black und Anita
76%
Sieben Fässer Wein Roland Kaiser
73%
Wann wirds mal wieder richtig Sommer? Rudi Carrell
72%
Anita Costa Cordalis
70%
Tränen lügen nicht Michael Holm
70%
Ich liebe das Leben Vicky Leandros
68%
Marleen Marianne Rosenberg
67%
Michaela Bata Illic
65%
Du Peter Maffay
65%
Es fährt ein Zug nach Nirgendwo Christian Anders
62%
Schöne Maid Tony Marshall
62%
Wenn du denkst, du denkst, dann denkst du nur, du denkst Juliane Werding
61%
Wunder gibt es immer wieder Katja Ebstein
58%
Der Junge mit der Mundharmonika Bernd Clüver
56%
So schön kann doch kein Mann sein Gitte Hænning
56%
Immer wieder sonntags Cindy und Bert
55%
Eine neue Liebe ist wie ein neues Leben Jürgen Marcus
53%
Du kannst nicht immer 17 sein Chris Roberts
51%
Das schöne Mädchen von Seite 1 Howard Carpendale
48%
Blue Bayou Paola
43%
Gute Nacht, Freunde Inga und Wolf
37%
Gianna Wolfgang Petry
34%
Willst du mit mir geh’n Daliah Lavi
29%
Arizona Man Mary Roos
28%
Abraham (Das Lied vom Trödler) Wolfgang
27%
Wenn ein Schiff vorüberfährt Julio Iglesias
23%
Sha la la I love you Flippers
22%
Keine übereinstimmenden Quizze gefunden
Verteilung der Resultate
Anzahl Personen mit jedem Resultat
Perzentil nach korrekt beantworteten Fragen
Ihre Resultats-Entwicklung
Sie haben dieses Quiz noch nicht gespielt